Vibrations and waves
Guardat en:
| Autor principal: | |
|---|---|
| Format: | Llibre |
| Idioma: | anglès |
| Publicat: |
Nueva York
Norton
1971
|
| Col·lecció: | The M.I.T. Introductory Physics Series
|
| Matèries: | |
| Etiquetes: |
Afegir etiqueta
Sense etiquetes, Sigues el primer a etiquetar aquest registre!
|
MARC
| LEADER | 00000nam a2200000 a 4500 | ||
|---|---|---|---|
| 001 | UCI1044 | ||
| 003 | CL-VaPUC | ||
| 008 | 070615e19710000US |||||||||||||||||eng|d | ||
| 020 | |a 0393099369 | ||
| 082 | 0 | 4 | |a 530.416 |b FRE |2 21 |
| 100 | 0 | |a French, Anthony Phillip |e author |9 521330 | |
| 245 | 1 | 0 | |a Vibrations and waves |
| 300 | |a 316 p | ||
| 942 | |c BK | ||
| 945 | |d 20070615 00:00:00 |a jtorresc | ||
| 260 | |a Nueva York |b Norton |c 1971 | ||
| 650 | 0 | |a Física |9 227844 | |
| 650 | 0 | |a Propagación de ondas |9 263256 | |
| 650 | 0 | |a Oscilaciones |9 344730 | |
| 650 | 7 | |a REFLEXION |2 CL-VaPUC |9 369835 | |
| 583 | |a last modification |c 20070615 00:00:00 |k Rodrigo Vera | ||
| 490 | 0 | |a The M.I.T. Introductory Physics Series | |
| 999 | |c 325962 |d 325960 | ||
| 952 | |0 0 |1 0 |4 0 |6 530_416000000000000_FRE_1971 |7 0 |8 A |9 407517 |a BIBCUR |b BIBCUR |d 2019-11-22 |i 4349156 |o 530.416 FRE 1971 |p 4349156 |r 2025-04-22 |w 2019-11-22 |y BK |k FIS | ||